Súčasný stav informačných systémov
Recenzia na publikáciu M. Grella: Informačné systémy verejnej správy. Rozbor problematiky reformy verejnej správy. Ide o učebný text pre potreby študentov Ekonomickej univerzity v Bratislave. Obsahovo je text koncipovaný tak, že môže slúžiť aj širšej verejnosti. Text je rozdelený do piatich kapitol...
Gespeichert in:
| 1. Verfasser: | |
|---|---|
| Format: | Buchkapitel |
| Sprache: | Slowakisch |
| Schlagworte: | |
| Tags: |
Keine Tags, Fügen Sie das erste Tag hinzu!
|
MARC
| LEADER | 00000naa$a2200000$$$4500 | ||
|---|---|---|---|
| 001 | 0032126 | ||
| 005 | 20231016084547.3 | ||
| 041 | 0 | |a slo | |
| 044 | |a SK | ||
| 245 | 1 | 0 | |a Súčasný stav informačných systémov |c Elena Žárska |
| 520 | |a Recenzia na publikáciu M. Grella: Informačné systémy verejnej správy. Rozbor problematiky reformy verejnej správy. Ide o učebný text pre potreby študentov Ekonomickej univerzity v Bratislave. Obsahovo je text koncipovaný tak, že môže slúžiť aj širšej verejnosti. Text je rozdelený do piatich kapitol - charakteristika. | ||
| 610 | 2 | 0 | |a recenzie |
| 610 | 2 | 0 | |a systémy informačné |
| 610 | 2 | 0 | |a správa verejná |
| 610 | 2 | 0 | |a reformy |
| 610 | 2 | 0 | |a učebnice |
| 100 | 1 | |a Žárska, Elena, 1955- | |